01227nam a22003137a 4500003000500000005001700005008004100022010001000063011001000073035001000083040000900093090001000102100005100112245018400163260004200347300002200389502009000411590003700501590004100538590004100579590004200620650002800662650002500690901000700715942001000722949003600732999001700768952012800785CHAP20220329140312.0971013s1973 r 00010 d a50052 a51024 a55174 cCHAP aTesis00aFenyvesi Frizzi, Jorge Melchor Vicente.940061 aAplicaciones localizadas de cinco insecticidas, calculados sobre la base área-flor y su efecto en el control de algunas plagas de girasol (Heliantus annuus L.) en Apodaca, N. L. a(Monterrey, N. L.) :bEl autor,c1973 a84 h.b: gráfs. aTesis (Ing. Agr. Fototecnista) -- ITESM. Div. de Ciencias Agropecuarias y Marítimas aALEPHb10c20130110lUCH01h1323 aBATCH-UPDb10c20130109lUCH01h2313 aBATCH-UPDb10c20130110lUCH01h1631 aCONVERSIONb10c20130109lUCH01h132714aGirasolxPlagas.94816814aInsecticidas.958855 aBK cTESIS bBCcTESd-121242eTS1i55174si c50052d50052 00102local4051708TESISaBCbBCcPA_TESISd2012-12-17fTESISl0oTesisp-121242r2019-12-31 00:00:00w2019-12-31yTESIS